Разработка программного обеспечения для решения гидрогеологических задач; Известия Томского политехнического университета [Известия ТПУ]; Т. 305, вып. 6 : Геология, поиски и разведка полезных ископаемых Сибири
| Parent link: | Известия Томского политехнического университета [Известия ТПУ]/ Томский политехнический университет (ТПУ).— , 2000- Т. 305, вып. 6 : Геология, поиски и разведка полезных ископаемых Сибири.— 2002.— [С. 348-365] |
|---|---|
| Hovedforfatter: | |
| Summary: | Заглавие с титульного листа Электронная версия печатной публикации Рассмотрены тенденции и современное состояние в развитии гидрогеологического программного обеспечения, некоторые методы автоматизированной обработки геогидродинамической и гидрогеохимической информации. Сформулированы рекомендации по разработке моделирующих программных комплексов и АРМ. Описаны теоретические положения, методы и алгоритмы, реализованные в авторском программном комплексе HG32. Обоснованы принципы построения сеточных моделей геомиграции, учитывающих гидрогеохимические процессы. |
| Sprog: | russisk |
| Udgivet: |
2002
|
| Serier: | Гидрогеология |
| Fag: | |
| Online adgang: | http://www.lib.tpu.ru/fulltext/v/Bulletin_TPU/2002/v305/i6/30.pdf |
| Format: | MixedMaterials Electronisk Book Chapter |
| KOHA link: | https://koha.lib.tpu.ru/cgi-bin/koha/opac-detail.pl?biblionumber=166077 |
MARC
| LEADER | 00000nla2a2200000 4500 | ||
|---|---|---|---|
| 001 | 166077 | ||
| 005 | 20231031162111.0 | ||
| 035 | |a (RuTPU)RU\TPU\book\180152 | ||
| 035 | |a RU\TPU\book\180151 | ||
| 090 | |a 166077 | ||
| 100 | |a 20090924d2002 k y0rusy50 ca | ||
| 101 | 0 | |a rus | |
| 102 | |a RU | ||
| 135 | |a drnn ---uucaa | ||
| 200 | 1 | |a Разработка программного обеспечения для решения гидрогеологических задач |f М. Б. Букаты | |
| 215 | |a 1 файл (12.7 Мб) | ||
| 225 | 1 | |a Гидрогеология | |
| 230 | |a Электронные текстовые данные (1 файл : 12.7 Мб) | ||
| 300 | |a Заглавие с титульного листа | ||
| 300 | |a Электронная версия печатной публикации | ||
| 320 | |a [Библиогр.: с. 364-365 (26 назв.)] | ||
| 330 | |a Рассмотрены тенденции и современное состояние в развитии гидрогеологического программного обеспечения, некоторые методы автоматизированной обработки геогидродинамической и гидрогеохимической информации. Сформулированы рекомендации по разработке моделирующих программных комплексов и АРМ. Описаны теоретические положения, методы и алгоритмы, реализованные в авторском программном комплексе HG32. Обоснованы принципы построения сеточных моделей геомиграции, учитывающих гидрогеохимические процессы. | ||
| 337 | |a Adobe Reader | ||
| 461 | 1 | |0 (RuTPU)RU\TPU\book\176237 |t Известия Томского политехнического университета [Известия ТПУ] |f Томский политехнический университет (ТПУ) |d 2000- | |
| 463 | 1 | |0 (RuTPU)RU\TPU\book\180006 |t Т. 305, вып. 6 : Геология, поиски и разведка полезных ископаемых Сибири |o тематический выпуск |v [С. 348-365] |d 2002 |p 446 с. | |
| 610 | 1 | |a труды учёных ТПУ | |
| 610 | 1 | |a электронный ресурс | |
| 610 | 1 | |a программное обеспечение | |
| 610 | 1 | |a гидрогеология | |
| 610 | 1 | |a разработка | |
| 610 | 1 | |a гидрогеологические задачи | |
| 610 | 1 | |a геогидродинамическая информация | |
| 610 | 1 | |a геогидрохимическая информация | |
| 610 | 1 | |a автоматизированная обработка данных | |
| 610 | 1 | |a программные комплексы | |
| 610 | 1 | |a сеточные модели геомиграции | |
| 610 | 1 | |a геомиграционные процессы | |
| 610 | 1 | |a гидрогеохимические процессы | |
| 700 | 1 | |a Букаты |b М. Б. |c российский гидрогеолог |c профессор Томского политехнического университета, доктор геолого-минералогических наук |f 1950-2010 |g Михаил Болеславович |2 stltpush |3 (RuTPU)RU\TPU\pers\26087 | |
| 801 | 1 | |a RU |b 63413507 |c 20090623 |g PSBO | |
| 801 | 2 | |a RU |b 63413507 |c 20210420 |g PSBO | |
| 856 | 4 | |u http://www.lib.tpu.ru/fulltext/v/Bulletin_TPU/2002/v305/i6/30.pdf | |
| 942 | |c CF | ||